Identifikácia anomálií v prúdových dátach

Gespeichert in:
Bibliographische Detailangaben
1. Verfasser: Škodáček, Martin (Verfasst von)
Weitere Verfasser: Vrablecová, Petra (Betreuung Doktorarbeit)
Format: Manuskript Buch
Sprache:Slowakisch
Veröffentlicht: 2019
Schlagworte:
Online-Zugang:http://is.stuba.sk/zp/portal_zp.pl?podrobnosti=145452
Tags: Tag hinzufügen
Keine Tags, Fügen Sie das erste Tag hinzu!

MARC

LEADER 00000ntm a22000003a 4500
001 stuzp75028
003 SK-STU
005 20200625100255.9
007 ta
008 150427s2015----xo-----f-mn---000-0-slo-d
040 |a STU  |b slo 
041 0 |a slo 
044 |a xo 
100 1 |a Škodáček, Martin  |u 070200  |k Z4  |4 aut  |U FIIT Fakulta informatiky a informačných technológií  |T FIIT Ústav informatiky, informačných systémov a softvérového inžinierstva  |X 72390  |U I200  |Y 179  |7 72390 
242 0 1 |a Data stream anomaly detection  |y eng 
245 1 0 |a Identifikácia anomálií v prúdových dátach 
260 |c 2019 
650 4 |a detekcia na báze anomálií  |2 slo 
650 4 |a neurónové siete  |2 slo 
650 4 |a prúdy dát  |2 slo 
650 4 |a časové rady  |2 slo 
650 4 |a anomaly detection  |2 eng 
650 4 |a neural networks  |2 eng 
650 4 |a data streams  |2 eng 
650 4 |a time series  |2 eng 
700 1 |a Vrablecová, Petra  |u 070200  |k Z3  |4 ths  |U FIIT Fakulta informatiky a informačných technológií  |T FIIT Ústav informatiky, informačných systémov a softvérového inžinierstva  |X 56347  |U I200  |Y 179  |7 56347 
856 4 |u http://is.stuba.sk/zp/portal_zp.pl?podrobnosti=145452 
996 |c I*DP93/19  |l II680  |s P  |a 0  |w stuzp75028_0001